Перспективы разработки метаноугольных месторождений; Прогрессивные технологии и экономика в машиностроении

Detalles Bibliográficos
Parent link:Прогрессивные технологии и экономика в машиностроении.— 2015.— [С. 180-182]
Autor principal: Игишева А. Л.
Autor Corporativo: Национальный исследовательский Томский политехнический университет (ТПУ) Юргинский технологический институт (филиал) (ЮТИ) Кафедра горно-шахтного оборудования (ГШО)
Otros Autores: Дронов А. А. Антон Анатольевич (научный руководитель)
Sumario:Заглавие с экрана
Lenguaje:ruso
Publicado: 2015
Colección:Новые технологии и разработки в области горного дела и добычи полезных ископаемых
Materias:
Acceso en línea:http://earchive.tpu.ru/handle/11683/17955
http://www.lib.tpu.ru/fulltext/c/2015/C57/074.pdf
Formato: MixedMaterials Electrónico Capítulo de libro
KOHA link:https://koha.lib.tpu.ru/cgi-bin/koha/opac-detail.pl?biblionumber=611768

MARC

LEADER 00000naa2a2200000 4500
001 611768
005 20260416135126.0
035 |a (RuTPU)RU\TPU\conf\9615 
035 |a RU\TPU\conf\9612 
090 |a 611768 
100 |a 20150421d2015 k y0rusy50 ca 
101 0 |a rus 
102 |a RU 
135 |a drcn ---uucaa 
181 0 |a i  
182 0 |a b 
200 1 |a Перспективы разработки метаноугольных месторождений  |f А. Л. Игишева  |g науч. рук. А. А. Дронов 
203 |a Текст  |c электронный 
215 |a 1 файл(379 Кб) 
225 1 |a Новые технологии и разработки в области горного дела и добычи полезных ископаемых 
300 |a Заглавие с экрана 
320 |a [Библиогр.: с. 182 (4 назв.)] 
337 |a Adobe Reader 
463 1 |0 (RuTPU)RU\TPU\conf\9525  |t Прогрессивные технологии и экономика в машиностроении  |o сборник трудов VI Всероссийской научно-практической конференции для студентов и учащейся молодежи, 9-11 апреля 2015 г., Юрга  |f Национальный исследовательский Томский политехнический университет (ТПУ), Юргинский технологический институт (ЮТИ) ; под ред. Д. А. Чинахова  |v [С. 180-182]  |d 2015 
610 1 |a электронный ресурс 
610 1 |a труды учёных ТПУ 
610 1 |a перспективы 
610 1 |a разработки 
610 1 |a метаноугольные месторождения 
700 1 |a Игишева  |b А. Л. 
702 1 |a Дронов  |b А. А.  |c специалист в области машиностроения  |c асистент Юргинского технологического института Томского политехнического университета  |f 1986-  |g Антон Анатольевич  |4 727 
712 0 2 |a Национальный исследовательский Томский политехнический университет (ТПУ)  |b Юргинский технологический институт (филиал) (ЮТИ)  |b Кафедра горно-шахтного оборудования (ГШО)  |3 (RuTPU)RU\TPU\col\18984 
801 1 |a RU  |b 63413507  |c 20101016 
801 2 |a RU  |b 63413507  |c 20210212  |g RCR 
856 4 |u http://earchive.tpu.ru/handle/11683/17955 
856 4 |u http://www.lib.tpu.ru/fulltext/c/2015/C57/074.pdf 
942 |c BK